| 000 | 01277nam a2200337 i 4500 | ||
|---|---|---|---|
| 001 | 12883 | ||
| 003 | KOSZ 005 | ||
| 005 | 20230124121928.0 | ||
| 008 | 070608s1970 pl a f 001 0 pol | ||
| 015 | _aPB 1971/78 | ||
| 040 |
_aWA N _cWA N _dKOSZ 005/RW |
||
| 041 | 1 |
_apol _hcze _hger |
|
| 080 | _a621:62-5 | ||
| 245 | 0 | 0 |
_aAutomatyzacja w przemyśle maszynowym : _bporadnik : praca zbiorowa / _caut. czes., niem. i pol. ; [koord. wyd. pol. Tadeusz Pietrzkiewicz]. |
| 260 |
_aWarszawa [etc.] : _bWydawnictwa Naukowo-Techniczne [etc.], _c1970. |
||
| 300 |
_a1435, [1] s., [2] k. tabl. : _bil. ; _c23 cm. |
||
| 336 |
_2rdacontent _aTekst _btxt |
||
| 337 |
_2rdamedia _aBez urządzenia pośredniczącego _bn |
||
| 338 |
_2rdacarrier _aWolumin _bnc |
||
| 380 | _aKsiążki. | ||
| 504 | _aBibliogr. przy rozdz. Indeks. | ||
| 546 | _aTekst częśc. tł. z czes., niem. | ||
| 650 | 4 | _aAutomatyzacja | |
| 650 | 4 | _aPrzemysł maszynowy | |
| 655 | 4 | _aPoradnik | |
| 658 | _aInżynieria i technika | ||
| 700 | 1 |
_aPietrzkiewicz, Tadeusz _d(1911-2005) _eRedakcja |
|
| 710 | 2 |
_aWydawnictwa Naukowo-Techniczne _4pbl. |
|
| 856 |
_uhttp://koha.tu.koszalin.pl/cgi-bin/koha/opac-detail.pl?biblionumber=12883 _yKatalog online BPK |
||
| 942 |
_2UKD _cKS |
||
| 999 |
_c12883 _d12883 |
||